[Event "?"]
[Site "?"]
[Date "2003.??.??"]
[Round "1"]
[White "Cziko, Eduard Carol"]
[Black "Florescu, Codrut-Constantin"]
[Result "0-1"]
[WhiteElo "2115"]
[BlackElo "2422"]
[PlyCount "62"]
[EventDate "2003.??.??"]

1. e4 c5 2. Nf3 e6 3. d4 cxd4 4. Nxd4 Nf6 5. Nc3 d6 6. Bc4 Be7 7. Bb3 Na6 8. f4
Nc5 9. e5 dxe5 10. fxe5 Nfd7 11. Bf4 a6 12. Qg4 g5 13. Bg3 (13. Nxe6 Nxe6 (
13... fxe6 14. Qh5+ Kf8 15. Qh6+ (15. O-O Kg7 16. Bxg5 Bxg5 17. Rf7+ Kg8 18.
Rf5 Be3+ 19. Kh1 Nxe5 20. Rxe5 Nxb3 21. Rf1 Qe7 22. Rxe3) 15... Kf7 (15... Kg8
16. Bxe6+ Nxe6 17. Qxe6+ Kg7 18. Be3 Nc5 19. Qc4 Be6) 16. O-O Kg8 17. Bxe6+
Nxe6 18. Qxe6+ Kg7 19. Bxg5 Qb6+ 20. Qxb6 Nxb6 21. Bxe7) 14. Bxe6 gxf4 (14...
fxe6 15. Qh5+ Kf8 16. O-O (16. Qh6+ Kg8) 16... Kg7 17. Bxg5 (17. Rad1 Qb6+ 18.
Kh1 gxf4 19. Rxf4) 17... Bxg5 18. Qf7+ (18. Rf7+ Kg8 19. Raf1 (19. Rff1 Nxe5
20. Ne4 h6 21. h4 Qd4+ 22. Kh1 Bd7 23. Nxg5 Qg4 24. Qxg4 Nxg4) 19... Be3+ (
19... Nxe5 20. Rf8+ (20. Ne4 Qd4+ 21. Kh1 Bd8 (21... Qd8 22. Nxg5 h6 23. Ne4
Rh7 24. Nf6+ Qxf6 25. R7xf6) 22. Rf8+ (22. R7f4 Kg7 (22... Qxb2 23. Qh6) (22...
Ng6 23. Rf8+ Kg7 24. R1f7#) 23. c3 Qd5 24. c4 Qa5 (24... Qd4 25. Ng5 Qc5 (25...
Qd7 26. Nf7 Nxf7 (26... Ng6 27. Ne5 Nxf4 28. Rxf4 Qe8 29. Rf7+ Qxf7 30. Qxf7+
Kh6 31. Ng4+ Kg5 32. Qg7+ Kf4 33. g3+ Kf3 34. Ne5+ Ke4 35. Qxh8) 27. Rxf7+ Qxf7
28. Qxf7+ Kh6 29. g4 b5 30. Rf6+ Kg5 31. Qg7+ Kh4 32. Rh6#) 26. Nf7) 25. Nd6
Bd7 26. b4) (22. Nf6+ Bxf6 23. R1xf6 (23. R7xf6 Bd7 24. Qh6 (24. Qg5+ Ng6 25.
c3 Qe4 26. h4) 24... Ng6 25. c3 Qe5) 23... Bd7 24. Qg5+ Ng6 25. Qh6 Qd1+ 26.
Rf1 Qxf1+ 27. Rxf1) 22... Kg7 23. Rxh8 Qxe4 24. Qe8 Bg5 25. Qf8+ Kg6 26. Rg8+
Kh5 27. Qe8+) 20... Qxf8 21. Qxg5+ Ng6 22. Rxf8+ Kxf8 23. Qf6+ Ke8 24. Ne4) 20.
Kh1) 18... Kh6 19. Rf3 (19. Rad1) 19... Rf8 20. Rh3+ Bh4 21. Qxe6+ Kg7) 15.
Bxf7+ Kxf7 (15... Kf8 16. O-O (16. Bb3 Nxe5 17. Qxf4+ Bf6 18. O-O Kg7 19. Nd5
Nd7 20. Qg3+ Kh6) 16... Qb6+ 17. Kh1 Kxf7 18. Nd5) 16. e6+ Kf8 17. O-O-O Rg8 (
17... b6 18. exd7 (18. Rhe1 Bh4 19. g3) 18... Bb7 19. Rhe1) 18. Qf5+ Kg7 19.
exd7 Rf8 20. dxc8=Q Qxc8 21. Qxc8 Raxc8 22. Rd7 Rf7 23. Nd5 (23. Rhd1) 23...
Bg5 24. Rxf7+ Kxf7 25. Rf1 Rc4 26. g3 f3+ 27. Kb1 Re4 28. Nc3 Re3 29. Nd1 Re2
30. h4 (30. Rxf3+ Ke6 31. h3) 30... Bf6 31. Rxf3 Kg6 32. c3 Be5 33. Ne3 b5 34.
a3 (34. h5+ Kh6 35. g4) 34... a5 35. Kc1 b4 36. axb4 axb4 37. Kd1 Rh2 (37...
Rxb2 38. Nc4 Bxc3 39. Nxb2 Bxb2 40. g4) 38. Ng4) 13... h5 14. Qe2 h4 15. Bf2
Qc7 16. O-O (16. O-O-O Qxe5 (16... Nxe5 17. Nf5 Bf8 18. Rhe1 f6 19. Bxc5 Bxc5
20. Ne4 Be7 21. Nxe7 Kxe7 22. Rf1 Rf8 23. Qd2 Nc6 24. Nxf6 Qe5 25. Nd5+ Ke8 26.
Rfe1 Qg7 27. Nb6) 17. Qd2 (17. Be3 Nxb3+ 18. Nxb3 Nf6 19. Qd2 Rg8 20. Rhf1 Rg6
21. Bc5 Qc7 22. Qd4 e5 23. Qf2 Be6 24. Bb6 Qc4 25. Nd2 Qc6 26. Be3 Rc8 27. Nf3
Ng4 28. Qd2 Bc4 29. Rh1 Rd6 30. Qe1 Rxd1+ 31. Kxd1 Bd5 32. Qe2 Nxe3+ 33. Qxe3
f6 34. a4 Bxf3+ 35. gxf3 Bb4 36. Qe4 Bxc3 37. Qg6+ Kd8 38. bxc3 Qxf3+) 17...
Nxb3+ 18. axb3 Nf6 19. Kb1 Bd7 20. Nf3 Qa5 21. Nxg5 Bc6 22. Bd4 Rg8) 16... Qxe5
17. Qd2 (17. Bc4) 17... Qc7 18. Rae1 Ne5 19. Ndb5 (19. Qe2 f6 20. Ne4 Nxb3 21.
cxb3) 19... Qb8 (19... axb5 20. Nxb5 Qa5) 20. Rxe5 Qxe5 21. Bd4 Nxb3 22. Bxe5 (
22. axb3 Bc5) 22... Nxd2 23. Nc7+ Kf8 24. Rd1 (24. Bxh8 Bc5+ 25. Kh1 Nxf1 26.
Nxa8 Be3) 24... Nc4 25. Bxh8 Ra7 26. b3 b6 27. N7b5 axb5 28. Nxb5 Rd7 29. Rxd7
Bxd7 30. bxc4 Bxb5 31. cxb5 f6 0-1

[Event "ch-ROM"]
[Site "Curtea de Arges ROM"]
[Date "2002.11.23"]
[Round "1.1"]
[White "Moraru, Marius"]
[Black "Florescu, Codrut-Constantin"]
[Result "1-0"]
[WhiteElo "2301"]
[BlackElo "2408"]
[PlyCount "85"]
[EventDate "2002.12.07"]
[Source "Mark Crowther"]
[SourceDate "2002.12.23"]

1. a3 e5 2. c4 Nf6 3. Nc3 d6 4. g3 g6 5. Bg2 Bg7 6. d3 O-O 7. Nf3 h6 8. O-O Nc6
9. Rb1 Be6 10. b4 a6 11. Ne1 d5 12. b5 axb5 13. cxd5 Nxd5 14. Bxd5 Bxd5 15.
Rxb5 Be6 16. Rxb7 Ra5 17. Ng2 Nd4 18. f3 Qa8 19. Rb1 Qc6 20. e3 Nf5 21. Ne4 Rd8
22. Qe2 Rad5 23. Ne1 Nd6 24. Nxd6 cxd6 25. Bd2 Bh3 26. Rf2 h5 27. e4 Rb5 28.
Bb4 Rdb8 29. Qe3 Kh7 30. Rc2 Qd7 31. Qf2 d5 32. Rbc1 R8b7 33. g4 Bh6 34. Qh4
Bxc1 35. Rxc1 dxe4 36. Qxh3 Qd4+ 37. Kh1 Qb2 38. Rc8 Rb8 39. Rxb8 Rxb8 40. fxe4
Qe2 41. gxh5 Rxb4 42. hxg6+ Kxg6 43. Qg3+ 1-0

[Event "ch-ROM"]
[Site "Curtea de Arges ROM"]
[Date "2002.11.24"]
[Round "1.2"]
[White "Florescu, Codrut-Constantin"]
[Black "Moraru, Marius"]
[Result "1-0"]
[WhiteElo "2408"]
[BlackElo "2301"]
[PlyCount "126"]
[EventDate "2002.12.07"]
[Source "Mark Crowther"]
[SourceDate "2002.12.23"]

1. e4 c5 2. Nf3 Nc6 3. d4 cxd4 4. Nxd4 Nf6 5. Nc3 e5 6. Ndb5 d6 7. Bg5 a6 8.
Na3 b5 9. Nd5 Be7 10. Bxf6 Bxf6 11. c3 Ne7 12. Nxf6+ gxf6 13. Bd3 d5 14. Qe2 f5
15. exf5 e4 16. Bc2 Bxf5 17. f3 Qb6 18. fxe4 dxe4 19. Bxe4 O-O-O 20. Rd1 Rxd1+
21. Kxd1 Rd8+ 22. Kc2 Bxe4+ 23. Qxe4 Qf2+ 24. Kc1 Qd2+ 25. Kb1 Nd5 26. Nc2 Nc7
27. Nd4 Re8 28. Qg4+ Kb8 29. Rd1 Re1 30. Rxe1 Qxe1+ 31. Kc2 Qf2+ 32. Qe2 Qf6
33. Qe4 h6 34. Qf5 Qd6 35. g3 f6 36. Qe4 Nd5 37. Qe8+ Kb7 38. a3 Kb6 39. Kd2
Nc7 40. Qe4 Ka7 41. Qc6 Qe5 42. Qf3 Kb6 43. Qe3 Qd5 44. Qxh6 Qg2+ 45. Ne2 Nd5
46. Qf8 Qe4 47. Qd6+ Kb7 48. Qc5 Nb6 49. b3 Nd5 50. Qd4 Qf3 51. h4 Nc7 52. Qf4
Qd5+ 53. Ke1 Qxb3 54. Qxf6 Qxa3 55. h5 Nd5 56. Qf7+ Kc6 57. Nd4+ Kb6 58. Qxd5
Qxc3+ 59. Kf2 Qd2+ 60. Kf3 b4 61. Qd6+ Kb7 62. h6 Qd3+ 63. Kg4 a5 1-0

[Event "ch-ROM"]
[Site "Curtea de Arges ROM"]
[Date "2002.11.25"]
[Round "2.1"]
[White "Florescu, Codrut-Constantin"]
[Black "Parligras, Mircea Emilian"]
[Result "0-1"]
[WhiteElo "2408"]
[BlackElo "2490"]
[PlyCount "106"]
[EventDate "2002.12.07"]
[Source "Mark Crowther"]
[SourceDate "2002.12.23"]

1. e4 c5 2. Nf3 Nc6 3. d4 cxd4 4. Nxd4 Nf6 5. Nc3 e5 6. Ndb5 d6 7. Bg5 a6 8.
Na3 b5 9. Nd5 Be7 10. Bxf6 Bxf6 11. c3 Bg5 12. Nc2 Rb8 13. a3 O-O 14. Ncb4 Bb7
15. h4 Bh6 16. g3 a5 17. Nxc6 Bxc6 18. Bg2 Qd7 19. Qd3 Qb7 20. Rd1 Bxd5 21.
Qxd5 Qxd5 22. Rxd5 Bc1 23. b4 Bxa3 24. bxa5 Rfc8 25. O-O Rxc3 26. Rfd1 Bc5 27.
R5d3 b4 28. Bf1 Rc2 29. R1d2 Rxd2 30. Rxd2 b3 31. Rb2 Bd4 32. Rb1 b2 33. Kg2
Rc8 34. Bd3 f5 35. exf5 d5 36. a6 e4 37. Bb5 Rc2 38. Kh3 Bxf2 39. g4 Ba7 40. g5
h5 41. gxh6 gxh6 42. Kg4 Kf7 43. Ba4 Rd2 44. Bb3 Kf6 45. Ba2 Ke5 46. Kh5 e3 47.
Kxh6 e2 48. Re1 Kxf5 49. h5 Kf6 50. Kh7 d4 51. h6 d3 52. Bd5 Rd1 53. Kg8 b1=Q
0-1

[Event "ch-ROM"]
[Site "Curtea de Arges ROM"]
[Date "2002.11.26"]
[Round "2.2"]
[White "Parligras, Mircea Emilian"]
[Black "Florescu, Codrut-Constantin"]
[Result "1-0"]
[WhiteElo "2490"]
[BlackElo "2408"]
[PlyCount "131"]
[EventDate "2002.12.07"]
[Source "Mark Crowther"]
[SourceDate "2002.12.23"]

1. e4 c5 2. Nf3 e6 3. Nc3 d6 4. d4 cxd4 5. Nxd4 Nf6 6. g4 a6 7. g5 Nfd7 8. Be3
b5 9. a3 Bb7 10. h4 Nc6 11. Nxc6 Bxc6 12. Qd4 f5 13. gxf6 Qxf6 14. Qd2 Qf7 15.
O-O-O Nf6 16. Qd4 Qb7 17. f3 Be7 18. Bh3 e5 19. Qb6 Rb8 20. Qxb7 Bxb7 21. Be6
Bc8 22. Ba2 Nh5 23. Nd5 Rf8 24. Rd3 Bd8 25. Bg5 Bb7 26. Rc3 Rc8 27. Rd1 Rxc3
28. Nxc3 Bxg5+ 29. hxg5 Ke7 30. Rh1 g6 31. Bd5 Bc8 32. Rf1 Nf4 33. Rg1 Ne6 34.
Bxe6 Bxe6 35. Rh1 Rf7 36. Kd2 Kd7 37. Ke3 Kc6 38. Rh2 Kc5 39. Rd2 Rf4 40. Rh2
Bg8 41. Ne2 Rf8 42. f4 a5 43. Rf2 d5 44. exd5 Re8 45. f5 gxf5 46. Rxf5 Bxd5 47.
Nc3 Re6 48. Ne4+ Bxe4 49. Kxe4 Kd6 50. Rf2 h6 51. Rd2+ Ke7 52. gxh6 Rxh6 53.
Rd5 Rh2 54. Rxb5 Rxc2 55. Kxe5 Rd2 56. a4 Rh2 57. Kd5 Rh4 58. b3 Kd7 59. Kc5
Kc7 60. Rxa5 Kb7 61. Rb5+ Ka6 62. Rb6+ Ka5 63. Rb5+ Ka6 64. Rb8 Rg4 65. Rd8 Rh4
66. b4 1-0

[Event "ROM-chT"]
[Site "?"]
[Date "2002.??.??"]
[Round "?"]
[White "Florescu, Codrut-Constantin"]
[Black "Ardeleanu, Alin"]
[Result "1-0"]
[WhiteElo "2371"]
[BlackElo "2344"]
[PlyCount "63"]
[EventDate "2002.??.??"]

1. e4 c5 2. Nf3 d6 3. d4 cxd4 4. Nxd4 Nf6 5. Nc3 Nc6 6. f4 e6 7. Be3 e5 8. fxe5
Ng4 9. Bg1 Ngxe5 10. Qd2 Be7 11. O-O-O O-O 12. Nf5 Bxf5 13. exf5 Re8 14. Nd5
Bg5 15. Be3 Bxe3 16. Nxe3 Qh4 17. Nd5 Qa4 18. Kb1 Rac8 19. f6 Re6 20. Be2 Nd7
21. b3 Qe4 22. Bd3 Qe5 23. Rhe1 Qxh2 24. Rh1 Qe5 25. Bxh7+ Kf8 26. Bf5 Kg8 27.
Bxe6 fxe6 28. fxg7 Qxg7 29. Rh5 Nde5 30. Rg5 Ng6 31. Nf4 Nce7 32. Nxg6 1-0

[Event "ROM-chT"]
[Site "?"]
[Date "2002.??.??"]
[Round "?"]
[White "Manole, Vasile"]
[Black "Florescu, Codrut-Constantin"]
[Result "0-1"]
[WhiteElo "2343"]
[BlackElo "2371"]
[PlyCount "92"]
[EventDate "2002.??.??"]

1. e4 c5 2. Nc3 e6 3. f4 Nc6 4. Nf3 a6 5. g3 d5 6. d3 b5 7. Bg2 d4 8. Ne2 Bb7
9. O-O Nf6 10. h3 Be7 11. g4 h6 12. a4 Qb6 13. axb5 axb5 14. Rxa8+ Bxa8 15. Ng3
Bb7 16. Qe2 Qc7 17. e5 Nd5 18. f5 Bc8 19. Qe4 Ncb4 20. Nh5 Kf8 21. Ne1 exf5 22.
gxf5 Bg5 23. Nf4 Ne7 24. f6 gxf6 25. exf6 Nf5 26. Nd5 Nxd5 27. Bxg5 Nfe3 28.
Qh4 Be6 29. Bxh6+ Ke8 30. Qg5 Nxf1 31. Kxf1 Ne3+ 32. Kf2 Kd7 33. b4 Nxg2 34.
Kxg2 Qc6+ 35. Kf2 Qd5 36. bxc5 Qxg5 37. Bxg5 Kc6 38. h4 Bg4 39. Nf3 Bxf3 40.
Kxf3 Kxc5 41. Kg4 Kd5 42. h5 b4 43. Bh4 Rc8 44. h6 Rxc2 45. h7 Rc8 46. Kg5 b3
0-1

[Event "ROM-chT"]
[Site "Sovata"]
[Date "2001.03.23"]
[Round "3"]
[White "Florescu, Codrut-Constantin"]
[Black "Rogozenco, Dorian"]
[Result "0-1"]
[WhiteElo "2332"]
[BlackElo "2527"]
[PlyCount "46"]
[EventDate "2001.03.??"]
[EventType "team"]
[EventCountry "ROM"]
[Source "ChessBase"]
[SourceDate "2002.11.25"]

1. e4 c5 2. Nf3 d6 3. d4 cxd4 4. Nxd4 Nf6 5. Nc3 g6 6. Be3 Bg7 7. f3 Nc6 8. Qd2
O-O 9. Bc4 Bd7 10. h4 h5 11. O-O-O Ne5 12. Bb3 Rc8 13. Bg5 Rc5 14. Kb1 b5 15.
Rhe1 a5 16. f4 Nc4 17. Bxc4 Rxc4 18. e5 b4 19. Ncb5 dxe5 20. fxe5 Nd5 21. Nd6
Nc3+ 22. bxc3 bxc3 23. Qd3 Rxd4 0-1

[Event "ROM-chT"]
[Site "Sovata"]
[Date "2001.03.24"]
[Round "4"]
[White "Florescu, Codrut-Constantin"]
[Black "Suba, Mihai"]
[Result "1-0"]
[WhiteElo "2332"]
[BlackElo "2532"]
[PlyCount "111"]
[EventDate "2001.03.??"]
[EventType "team"]
[EventCountry "ROM"]
[Source "ChessBase"]
[SourceDate "2002.11.25"]

1. e4 c5 2. Nf3 d6 3. d4 Nf6 4. Nc3 cxd4 5. Nxd4 e6 6. f4 a6 7. Qf3 Qb6 8. Nb3
Qc7 9. g4 b5 10. g5 Nfd7 11. Bd3 Bb7 12. Bd2 Nc5 13. Ne2 Nc6 14. Nxc5 dxc5 15.
c4 b4 16. O-O-O O-O-O 17. Be3 Be7 18. Bc2 h6 19. h4 Rxd1+ 20. Rxd1 hxg5 21.
hxg5 Na5 22. b3 Nc6 23. g6 f5 24. Qg3 fxe4 25. Bxe4 Nd8 26. Qg2 a5 27. Ng3 Bd6
28. Bxb7+ Qxb7 29. Qxb7+ Nxb7 30. Ne4 Be7 31. Rf1 Rh2 32. Rf2 Rh1+ 33. Kc2 Rg1
34. Ng5 Rg3 35. Rf3 Rg2+ 36. Rf2 Rxf2+ 37. Bxf2 Kd7 38. Nf7 Bf6 39. Kd3 Kc6 40.
Ke4 Kb6 41. Ng5 Nd6+ 42. Kd3 Bxg5 43. fxg5 Kc6 44. Bg3 Nf5 45. Be5 a4 46. bxa4
Kb6 47. Bh2 Nh4 48. Ke4 Ka5 49. Bd6 Kxa4 50. Bxc5 Ka3 51. Ke5 Kxa2 52. Bxb4 Kb3
53. c5 Nf3+ 54. Kxe6 Kxb4 55. c6 Nd4+ 56. Kf7 1-0

[Event "ROM-chT"]
[Site "Sovata"]
[Date "2001.03.25"]
[Round "5"]
[White "Cosma, Ioan"]
[Black "Florescu, Codrut-Constantin"]
[Result "1/2-1/2"]
[WhiteElo "2468"]
[BlackElo "2332"]
[PlyCount "35"]
[EventDate "2001.03.??"]
[EventType "team"]
[EventCountry "ROM"]
[Source "ChessBase"]
[SourceDate "2002.11.25"]

1. d4 Nf6 2. Nf3 b6 3. g3 Bb7 4. Bg2 g6 5. c4 Bg7 6. O-O O-O 7. b3 c5 8. Bb2
cxd4 9. Qxd4 d6 10. Nc3 Ne4 11. Qe3 Nxc3 12. Bxc3 Bxc3 13. Qxc3 Nd7 14. Nd4
Bxg2 15. Kxg2 Qc7 16. e4 a6 17. Qe3 Qb7 18. Qe2 1/2-1/2

[Event "Potaissa 83/(204)"]
[Site "?"]
[Date "2001.??.??"]
[Round "?"]
[White "Svetushkin, Dmitry"]
[Black "Florescu, Codrut-Constantin"]
[Result "1/2-1/2"]
[WhiteElo "2459"]
[BlackElo "2355"]
[Annotator "Florescu,C"]
[PlyCount "58"]
[EventDate "2001.??.??"]
[Source "Chess Informant"]
[SourceDate "2002.01.01"]

{Chess Informant} 1. e4 c5 2. Nf3 e6 3. d4 cxd4 4. Nxd4 Nf6 5. Nc3 d6 6. Be3 a6
7. f3 b5 8. Qd2 Bb7 9. g4 Nc6 10. O-O-O Be7 11. Kb1 O-O 12. g5 Nd7 13. Nxc6
Bxc6 14. Ne2 Ne5 15. Nd4 Bb7 16. h4 Rc8 17. Qg2 Qd7 18. h5 f5 19. exf5 Rxf5 20.
Nxf5 Bxf3 21. Nxe7+ Qxe7 22. Qd2 Bxh1 23. Qxd6 Qxd6 24. Rxd6 Be4 25. Rxe6 Bxc2+
26. Ka1 Ng4 27. Bh3 Bf5 28. Bxg4 Bxg4 29. Rxa6 Re8 1/2-1/2

[Event "TCh-ROM Sovata ROM"]
[Site "?"]
[Date "2001.??.??"]
[Round "1"]
[White "Florescu, Codrut-Constantin"]
[Black "Foisor, Ovidiu Doru"]
[Result "0-1"]
[WhiteElo "2330"]
[BlackElo "2405"]
[Annotator "Unreadable"]
[PlyCount "82"]
[EventDate "2001.??.??"]
[Source " during import"]
[SourceDate "2129920.??.??"]

1. e4 e6 2. d4 d5 3. e5 c5 4. c3 Nc6 5. Nf3 Bd7 6. dxc5 Qc7 7. b4 Nxe5 8. Nxe5
Qxe5+ 9. Be2 b6 10. cxb6 axb6 11. Be3 b5 12. O-O Nf6 13. Bd3 Qb8 14. f4 Bd6 15.
h3 Ne4 16. Bxe4 dxe4 17. Qd4 O-O 18. Qxe4 Rc8 19. Bd4 Ra6 20. a3 f6 21. Ra2 Re8
22. Qe3 Qc8 23. Rd2 e5 24. fxe5 fxe5 25. Bb6 Bf8 26. Rfd1 Bc6 27. Rd8 Rxd8 28.
Rxd8 Qf5 29. Bc5 Qxb1+ 30. Kh2 Ra8 31. Rxf8+ Rxf8 32. Bxf8 Qc2 33. Qg1 Bxg2 34.
Qxg2 Qxg2+ 35. Kxg2 Kxf8 36. Kf3 Ke7 37. Ke4 Kd6 38. Kd3 Kd5 39. c4+ bxc4+ 40.
Kc3 e4 41. Kd2 g5 0-1

[Event "ROM-chT"]
[Site "Eforie Nord"]
[Date "2000.12.20"]
[Round "3"]
[White "Dumitrache, Dragos Nicolae"]
[Black "Florescu, Codrut-Constantin"]
[Result "1-0"]
[WhiteElo "2443"]
[BlackElo "2362"]
[PlyCount "54"]
[EventDate "2000.12.18"]
[EventType "team"]
[EventRounds "5"]
[EventCountry "ROM"]
[Source "ChessBase"]
[SourceDate "2001.03.20"]

1. d4 d5 2. c4 e6 3. Nc3 Be7 4. Nf3 Nf6 5. Bg5 h6 6. Bh4 O-O 7. e3 b6 8. cxd5
exd5 9. Bd3 Bb7 10. O-O Nbd7 11. Rc1 c5 12. Bf5 Ne4 13. Bxe7 Qxe7 14. Bxd7 Qxd7
15. dxc5 Nxc5 16. Qd4 Rad8 17. Rfd1 Rfe8 18. h3 Qf5 19. b4 Ne6 20. Qg4 Qxg4 21.
hxg4 Re7 22. Nb5 Ba6 23. Nbd4 Nxd4 24. Nxd4 Re4 25. b5 Bc8 26. Rc7 Ree8 27.
Rxa7 Bxg4 1-0

[Event "ROM-chT"]
[Site "Eforie Nord"]
[Date "2000.12.21"]
[Round "4"]
[White "Florescu, Codrut-Constantin"]
[Black "Atalik, Suat"]
[Result "1/2-1/2"]
[WhiteElo "2362"]
[BlackElo "2549"]
[PlyCount "75"]
[EventDate "2000.12.18"]
[EventType "team"]
[EventRounds "5"]
[EventCountry "ROM"]
[Source "ChessBase"]
[SourceDate "2001.03.20"]

1. e4 c5 2. Nf3 d6 3. d4 cxd4 4. Nxd4 Nf6 5. Nc3 Nc6 6. Be3 e5 7. Nf3 h6 8. Bc4
Be7 9. Bb3 O-O 10. O-O Bg4 11. Qe2 Na5 12. Rfd1 a6 13. h3 Bd7 14. Nd5 Nxd5 15.
Bxd5 Rc8 16. c4 Qc7 17. Rac1 Nc6 18. Qd2 Kh7 19. g4 Be6 20. Kh2 Qd7 21. Rg1
Bxd5 22. cxd5 Nb8 23. Qb4 Qb5 24. Qxb5 axb5 25. b4 Na6 26. a3 Ra8 27. Rc3 g6
28. Nd2 Rfc8 29. Rgc1 Rxc3 30. Rxc3 Bg5 31. Bxg5 hxg5 32. Nb3 Kg7 33. Na5 Rb8
34. Kg3 Kf6 35. Kf3 Ke7 36. Ke2 Kd7 37. Rf3 Ke7 38. Rc3 1/2-1/2

[Event "ROM-chT"]
[Site "Eforie Nord"]
[Date "2000.12.22"]
[Round "5"]
[White "Nisipeanu, Liviu Dieter"]
[Black "Florescu, Codrut-Constantin"]
[Result "1-0"]
[WhiteElo "2592"]
[BlackElo "2362"]
[PlyCount "116"]
[EventDate "2000.12.18"]
[EventType "team"]
[EventRounds "5"]
[EventCountry "ROM"]
[Source "ChessBase"]
[SourceDate "2001.03.20"]

1. e4 c5 2. Nf3 e6 3. Nc3 a6 4. d4 cxd4 5. Nxd4 d6 6. Be2 Nf6 7. f4 Qc7 8. O-O
Nc6 9. Be3 Be7 10. a4 O-O 11. Kh1 Rd8 12. Qe1 Nxd4 13. Bxd4 e5 14. Bg1 Be6 15.
a5 Re8 16. f5 Bc4 17. Ra4 Bxe2 18. Qxe2 Rac8 19. Rd1 Qd7 20. Raa1 Qc6 21. Rd3
Qc4 22. b3 Qc6 23. Ra2 g6 24. g4 gxf5 25. gxf5 Kh8 26. Nd5 Nxd5 27. Rxd5 Rg8
28. c4 Rg7 29. Ra1 Rcg8 30. Bf2 f6 31. h3 Qe8 32. Qf3 Rg5 33. Kh2 Qf8 34. Be3
Rg2+ 35. Qxg2 Rxg2+ 36. Kxg2 Qf7 37. Re1 Qh5 38. Rd3 d5 39. Rxd5 Bb4 40. Rg1
Qe2+ 41. Kh1 Be7 (41... Bxa5) 42. Bc5 Qxe4+ 43. Kh2 Qf4+ 44. Rg3 h5 45. Bxe7
Qf2+ 46. Rg2 Qf4+ 47. Kg1 Qc1+ 48. Kf2 Qf4+ 49. Ke1 Qe3+ 50. Re2 Qc1+ 51. Rd1
Qc3+ 52. Kf2 Kg7 53. Rd6 Qxh3 54. Bxf6+ Kf7 55. Rxe5 Qh2+ 56. Ke3 Kf8 57. Rd7
Qg3+ 58. Kd2 Qxb3 1-0

[Event "It"]
[Site "Techirghiol ROM"]
[Date "2000.07.02"]
[Round "1"]
[White "Florescu, Codrut-Constantin"]
[Black "Raceanu, Valentin"]
[Result "0-1"]
[WhiteElo "2362"]
[BlackElo "2277"]
[PlyCount "64"]
[EventDate "2000.07.02"]
[Source "Mark Crowther"]
[SourceDate "2000.09.11"]

1. e4 c5 2. Nf3 d6 3. d4 cxd4 4. Nxd4 Nf6 5. Nc3 Nc6 6. Bc4 e6 7. Be3 a6 8. Qe2
Qc7 9. O-O-O Na5 10. Bd3 b5 11. f3 b4 12. Nb1 Bb7 13. g4 d5 14. Nd2 dxe4 15.
fxe4 Bc5 16. g5 Nd7 17. Kb1 Ne5 18. Rhg1 O-O 19. Rg3 Rfd8 20. Qf2 Rac8 21. N2f3
Nxd3 22. cxd3 e5 23. g6 hxg6 24. Rh3 Bxd4 25. Bxd4 exd4 26. Ng5 Rd6 27. e5 Rc6
28. Qf4 Rc2 29. Rf1 Bd5 30. b3 Rb2+ 31. Kxb2 Qc2+ 32. Ka1 Nxb3+ 0-1

[Event "Techirghiol"]
[Site "Techirghiol"]
[Date "2000.07.03"]
[Round "2"]
[White "Ciornei, Dragos"]
[Black "Florescu, Codrut-Constantin"]
[Result "0-1"]
[WhiteElo "2121"]
[BlackElo "2362"]
[PlyCount "58"]
[EventDate "2000.07.02"]
[EventType "tourn"]
[EventRounds "11"]
[EventCountry "ROM"]
[EventCategory "3"]
[Source "ChessBase"]
[SourceDate "2000.09.14"]

1. e4 c5 2. Nf3 e6 3. d4 cxd4 4. Nxd4 Nf6 5. Nc3 d6 6. Be3 a6 7. f3 b5 8. g4
Bb7 9. g5 Nfd7 10. Qd2 Nc6 11. O-O-O Rc8 12. Nxc6 Bxc6 13. Ne2 Ne5 14. Nd4 Nxf3
15. Nxc6 Rxc6 16. Qg2 Ne5 17. h4 Qc7 18. h5 Be7 19. Bd4 O-O 20. Bxe5 dxe5 21.
Bd3 b4 22. Rdf1 Qd8 23. Kb1 Bxg5 24. h6 g6 25. Rf3 Bf4 26. Rxf4 exf4 27. e5 Rc5
28. Qe4 Qc7 29. Qxf4 Qxe5 0-1

[Event "Techirghiol"]
[Site "Techirghiol"]
[Date "2000.07.04"]
[Round "3"]
[White "Florescu, Codrut-Constantin"]
[Black "Zajarnyi, Anatolyi"]
[Result "0-1"]
[WhiteElo "2362"]
[BlackElo "2380"]
[PlyCount "84"]
[EventDate "2000.07.02"]
[EventType "tourn"]
[EventRounds "11"]
[EventCountry "ROM"]
[EventCategory "3"]
[Source "ChessBase"]
[SourceDate "2000.09.14"]

1. e4 Nc6 2. Nf3 d6 3. d4 Nf6 4. Nc3 g6 5. Be2 Bg7 6. O-O O-O 7. d5 Nb8 8. a4
c6 9. Re1 cxd5 10. exd5 Nbd7 11. Bf1 a6 12. Be3 Re8 13. Bd4 b6 14. Na2 Bb7 15.
c4 e5 16. dxe6 fxe6 17. Nc3 Qc7 18. Rc1 Rad8 19. Ng5 e5 20. Be3 h6 21. Nd5 Qc6
22. Nb4 Qc8 23. Nf3 Nc5 24. Nd2 Qa8 25. Qc2 Kh7 26. f3 e4 27. fxe4 Ng4 28. Kh1
Nxe3 29. Rxe3 Bd4 30. Rg3 Bxe4 31. Nxe4 Nxe4 32. Rf3 Rf8 33. Nd5 Nf2+ 34. Rxf2
Rxf2 35. Qe4 Be5 36. Bd3 Rg8 37. Qh4 Qf8 38. Nxb6 Qf4 39. Qxf4 Bxf4 40. Rb1 Rd2
41. Be4 Re8 42. Bf3 Rxb2 0-1

[Event "Techirghiol"]
[Site "Techirghiol"]
[Date "2000.07.05"]
[Round "4"]
[White "Tikhomirov, Serghei"]
[Black "Florescu, Codrut-Constantin"]
[Result "1/2-1/2"]
[WhiteElo "2238"]
[BlackElo "2362"]
[PlyCount "80"]
[EventDate "2000.07.02"]
[EventType "tourn"]
[EventRounds "11"]
[EventCountry "ROM"]
[EventCategory "3"]
[Source "ChessBase"]
[SourceDate "2000.09.14"]

1. Nf3 d5 2. d4 Nf6 3. c4 e6 4. e3 Be7 5. Nbd2 O-O 6. Bd3 c5 7. b3 Nc6 8. Bb2
b6 9. O-O Bb7 10. Rc1 cxd4 11. exd4 dxc4 12. bxc4 Rc8 13. Re1 Rc7 14. Bb1 Rd7
15. Qc2 Nxd4 16. Nxd4 Rxd4 17. Bxd4 Qxd4 18. Qc3 Qf4 19. Qe3 Qc7 20. Ne4 Bxe4
21. Bxe4 Bc5 22. Qf3 Bd4 23. Rc2 e5 24. g3 Qd6 25. Kg2 g6 26. Qb3 Kg7 27. Qa4
a5 28. Qc6 Qb4 29. Rce2 Rd8 30. Rb1 Qe7 31. Rbe1 Rd6 32. Qb5 Qc7 33. Bf3 Nd7
34. Bd5 Nc5 35. f4 Qd8 36. Rxe5 Bxe5 37. Rxe5 Nd7 38. Re2 Qf6 39. Qb2 Qxb2 40.
Rxb2 Nc5 1/2-1/2

[Event "Techirghiol"]
[Site "Techirghiol"]
[Date "2000.07.09"]
[Round "7"]
[White "Florescu, Codrut-Constantin"]
[Black "Burnoiu, Nicolae Costel"]
[Result "0-1"]
[WhiteElo "2362"]
[BlackElo "2266"]
[PlyCount "50"]
[EventDate "2000.07.02"]
[EventType "tourn"]
[EventRounds "11"]
[EventCountry "ROM"]
[EventCategory "3"]
[Source "ChessBase"]
[SourceDate "2000.09.14"]

1. e4 c5 2. Nf3 d6 3. d4 Nf6 4. Nc3 cxd4 5. Nxd4 a6 6. Bc4 e6 7. Bb3 Nc6 8. Be3
Qc7 9. Qe2 Na5 10. g4 Nxb3 11. axb3 Be7 12. g5 Nd7 13. h4 Rb8 14. f4 b5 15. f5
b4 16. Na4 Nc5 17. Bf2 Nxe4 18. fxe6 O-O 19. Rf1 d5 20. exf7+ Rxf7 21. O-O-O
Bh3 22. Kb1 Bxf1 23. Rxf1 Qf4 24. Nc6 Rbf8 25. Re1 Bd6 0-1

[Event "Techirghiol"]
[Site "Techirghiol"]
[Date "2000.07.12"]
[Round "10"]
[White "Florescu, Codrut-Constantin"]
[Black "Spulber, Cicirone"]
[Result "0-1"]
[WhiteElo "2362"]
[BlackElo "2352"]
[PlyCount "52"]
[EventDate "2000.07.02"]
[EventType "tourn"]
[EventRounds "11"]
[EventCountry "ROM"]
[EventCategory "3"]
[Source "ChessBase"]
[SourceDate "2000.09.14"]

1. e4 c5 2. Nf3 Nc6 3. d4 cxd4 4. Nxd4 g6 5. Nc3 Bg7 6. Be3 Nf6 7. Bc4 O-O 8.
Bb3 d6 9. f3 Bd7 10. Qd2 Nxd4 11. Bxd4 b5 12. O-O-O a5 13. e5 dxe5 14. Bxe5 Bc6
15. Qxd8 Rfxd8 16. Rxd8+ Rxd8 17. a3 a4 18. Ba2 Bh6+ 19. Kb1 Nh5 20. Rd1 Rxd1+
21. Nxd1 Kf8 22. c4 f6 23. Bc3 Bf4 24. h3 Ng3 25. cxb5 Bxb5 26. Nf2 Bf1 0-1